Equipe de Belgique coupe du monde 2018 - Statistiques

Statistiques générales
  • Ce quiz a été pris 468 fois
  • Le résultat moyen est 18 sur 23
Statistiques - réponses
Position Club Réponse % Correct
G Chelsea FC Thibaut Courtois
100%
A Manchester United Romelu Lukaku
98%
A Chelsea FC Eden Hazard
97%
M Manchester City Kevin De Bruyne
96%
D Paris Saint-Germain Thomas Meunier
95%
M Borussia Mönchengladbach Thorgan Hazard
95%
D Tottenham Hotspur Jan Vertonghen
90%
G LIverpool FC Simon Mignolet
88%
D Manchester City Vincent Kompany
88%
M Manchester United Marouane Fellaini
87%
M SSC Naples Dries Mertens
86%
M Tianjin Quanjian Axel Witsel
85%
D Tottenham Hotspur Toby Alderweireld
81%
G VfL Wolfsburg Koen Casteels
72%
D FC Barcelone Thomas Vermaelen
72%
M Dalian Yifang Yannick Carrasco
69%
M Tottenham Hotspur Mousa Dembélé
68%
M AS Monaco Youri Tielemans
67%
M West Bromwich Albion Nacer Chadli
66%
M Real Sociedad Adnan Januzaj
59%
A Borussia Dortmund Michy Batshuayi
58%
D Celtic FC Dedryck Boyata
40%
M RSC Anderlecht Leander Dendoncker
27%
Aucun quiz correspondant
Distribution des résultats
% des personnes avec chaque résultat
Percentile par nombre de réponses
Votre historique - résultats
Vous n’avez pas pris ce quiz